000 00760nam a22002055i 4500
001 166713
003 ES-MaACL
005 20230906213403.0
008 940206s1886 fr |||| | fre d
040 _aCAM
_bspa
100 0 _aTucidides.
_9111626
245 1 0 _aHistoire de la guerre du Péloponnèse
_b: texte grec /
_cThucydide ; avec un commentaire critique et explicatif, et précédé d'une introduction par Alfred Croiset.
260 _aParis, etc. :
_bHachette et Cie.,
_c1886.
300 _aXXVIII, 467 p. ;
_c25 cm.
594 1 _aTexto en francés y griego.
650 4 _aGuerra del Peloponeso.
_9136208
700 1 1 _aCroiset, Alfred,
_epr.
_941668
710 2 1 _aHachette,
_eed.
_9134431
852 _aES-MaACL
_jF-12334
_z-- Enc. pasta española
999 _c166713
_d166713